Religion Quiz

Random Religion or Islam Quiz
Score 0/10 Timer 04:00
5 Plays Today
Question Answer Wrong Answers
Christianity
Which protestant figure wrote the 95 theses?
Martin Luther
87.1%
Ulrich Zwingli
1.6%
John Calvin
7.7%
John Wycliffe
2.6%
Verse
Complete the verse: 'I can do everything through Christ who gives me ______'
Strength
80.6%
Love
5%
Power
3.5%
Hope
6.8%
Church
Which of these famous churches is located in Turkey?
Hagia Sophia
78.2%
St. Mark's Basilica
5.6%
Sagrada Familia
4.6%
Church of the Holy Sepulchre
8.8%
Catholicism
Francis is the first Pope to be born in what country?
Argentina
73.8%
Germany
5.5%
Poland
11.7%
Brazil
7.5%
Mythology
The Greek god Hera translates to what in Roman mythology?
Juno
69.6%
Venus
21.4%
Vulcan
3.7%
Mercury
5.3%
Scripture
Which Bible book contains the famous verse 'For God so loved the world, that he gave his only begotten Son'?
John
54.5%
Matthew
20.6%
1 Corinthians
13.6%
Romans
8.1%
Judaism
How many nights long is Hanukkah?
8
53.2%
7
27%
9
10.8%
6
7%
Bible
How many books are in the Protestant Bible?
66
48.2%
53
18.9%
79
13.1%
61
19.1%
Islam
Which of these is not one of the Pillars of Islam?
Kaaba
43.4%
Salat
11.4%
Hajj
10.8%
Sawm
30.5%
Testament
What is the final book of the Old Testament (KJV)?
Malachi
39.3%
Haggai
7.8%
Jonah
9.6%
Lamentations
39.7%
Remove Ads.
Support Sporcle.
Get the best of Sporcle when you Go Orange. This ad-free experience offers more features, more stats, and more fun while also helping to support Sporcle. Thank you for becoming a member.

You're not logged in!

Compare scores with friends on all Sporcle quizzes.
OR
Log In

Sporcle TV

Today on Sporcle TV


Watch our educational content, quiz creation guides, and fun videos on Sporcle TV.

Show Comments

Extras

Top Quizzes Today


Score Distribution

Paid Content

Your Account Isn't Verified!

In order to create a playlist on Sporcle, you need to verify the email address you used during registration. Go to your Sporcle Settings to finish the process.

Report this User

Report this user for behavior that violates our Community Guidelines.

Details: